| 000 | 02174cam a22003498i 4500 | ||
|---|---|---|---|
| 001 | 991027473458707026 | ||
| 003 | UkOxU | ||
| 005 | 20260305150323.0 | ||
| 007 | t| | ||
| 008 | 250901s2026 enk b 000 0 eng d | ||
| 015 |
_aGBC5C2891 _2bnb |
||
| 016 | 7 |
_a300634949 _2Uk |
|
| 020 |
_a9780571399277 _qpaperback |
||
| 020 | _a0571399274 | ||
| 020 |
_z9780571399284 _qePub ebook |
||
| 024 | 8 | _aCIPO000304350 | |
| 035 | _a(OCoLC)1534685565 | ||
| 035 | _a(OCoLC)on1534685565 | ||
| 040 |
_aUKMGB _beng _erda _cUKMGB _dOCLCO _dYDX _dUkOxU |
||
| 041 | _aEnglish | ||
| 100 |
_aMuldoon, James, - 1985- author. _d1985- _eauthor. _1https://id.oclc.org/worldcat/entity/E39PCjHwpXgk7KqpFVtYhwgvVC _1https://isni.org/isni/0000000433854221 |
||
| 245 | 1 | 0 |
_aLove machines _b: how artificial intelligence is transforming our relationships _c/ James Muldoon. |
| 264 | 1 |
_aLondon : _bFaber & Faber, _c2026. |
|
| 300 |
_a266 pages ; _c20 cm |
||
| 504 | _aIncludes bibliographical references. | ||
| 520 | _aFriends. Lovers. Therapists. ‘Deathbots’. Artificial intelligence is now fulfilling new roles for millions of us every single day. How are these new ‘relationships’ changing how we view technology – and each other? Beyond those who are using AI chatbots for administrative tasks, some people are now preparing to adopt children with their AI partners; others are reaching out to companies offering services to ‘resurrect’ deceased loved ones; others still look to bots to find treatment for their mental health issues. In Love Machines, James Muldoon guides through these new forms of love, intimacy and connection, drawing on compelling interviews with users, developers and chatbots themselves. Along the way, he sheds light on the social conditions which have led to the exponential rise of the use of AI companions, and the unregulated corporations behind these technologies seeking to profit from users. | ||
| 650 | 0 |
_aArtificial intelligence _xSocial aspects _925236 |
|
| 650 | 0 |
_aHuman-computer interaction _925617 |
|
| 650 | 0 |
_aArtificial intelligence _xSocial aspects _2fast _925236 |
|
| 650 | 0 |
_aHuman-computer interaction _2fast _925617 |
|
| 942 | _2lcc | ||
| 999 |
_c5388 _d5388 |
||